000 00631nam a2200277Ia 4500
005 20260324145107.0
008 008 260324s9999 xx 000 0 eng d
020 _a9780203843055
037 _aEBOOK
040 _aCRL
040 _beng
040 _cCRL
041 _2eng
041 _aeng
084 _qCRL
100 _aKazuo Sato
_91202800
245 4 _aThe Anatomy of Japanese Business
260 _bTaylor and Francis
260 _c1984
365 _a
365 _b290
856 _uhttp://www.taylorfrancis.com/books/9780203843055
942 _cEBOOK
999 _c1829161
_d1829161